Online
Catalog

El don del poder : (Record no. 43371)

MARC details
000 -CABECERA
campo de control de longitud fija 00771nam a2200193 a 4500
001 - NÚMERO DE CONTROL
campo de control 000043882
005 - FECHA Y HORA DE LA ÚLTIMA TRANSACCIÓN
campo de control 20201002045026.0
008 - DATOS DE LONGITUD FIJA--INFORMACIÓN GENERAL
campo de control de longitud fija 140508s1998 sp ac 000 0 spa d
020 ## - NÚMERO INTERNACIONAL ESTÁNDAR DEL LIBRO
Número Internacional Estándar del Libro 8476517041
040 ## - FUENTE DE LA CATALOGACIÓN
Centro catalogador/agencia de origen DO-SdBNP
Lengua de catalogación spa
Centro/agencia transcriptor BNPHU
100 1# - ENTRADA PRINCIPAL--NOMBRE DE PERSONA
Nombre de persona Erdoes, Richard
9 (RLIN) 71769
240 #0 - TÍTULO UNIFORME
Título uniforme The gift of power for life and teachings of a Lakota medicine man
Lenguaje de la obra español
245 13 - MENCIÓN DE TÍTULO
Título El don del poder :
Resto del título vida y enseñanzas de un hombre medicina lakota /
Mención de responsabilidad, etc. Richard Erdoes, Archie Fire Lame Deer ; introducción de Alvin M. Josephy;traducción de Ángela Pérez.
260 ## - PUBLICACIÓN, DISTRIBUCIÓN, ETC.
Lugar de publicación, distribución, etc. Barcelona :
Nombre del editor, distribuidor, etc. Hesperus,
Fecha de publicación, distribución, etc. 1998.
300 ## - DESCRIPCIÓN FÍSICA
Extensión 336 p. :
Otras características físicas il., retrs. ;
Dimensiones 22 cm.
700 12 - PUNTO DE ACCESO ADICIONAL--NOMBRE DE PERSONA
Nombre de persona Lame Deer, Archie Fire
9 (RLIN) 71770
700 12 - PUNTO DE ACCESO ADICIONAL--NOMBRE DE PERSONA
Nombre de persona Josephy, Alvin M.
9 (RLIN) 71771
700 12 - PUNTO DE ACCESO ADICIONAL--NOMBRE DE PERSONA
Nombre de persona Pérez, Ángela
Término indicativo de función/relación tr.
9 (RLIN) 11936
Holdings
Estado de retiro Estado de pérdida Restricciones de uso No para préstamo Código de colección Localización permanente Ubicación/localización actual Ubicación en estantería Fecha de adquisición Número de inventario Total de préstamos Signatura topográfica completa Código de barras Fecha visto por última vez Precio válido a partir de Tipo de ítem Koha
      Excluido de préstamo Monografías: Libros y Folletos General General En catalogación 08.05.2014 LF1   43882-10 25.06.2020 25.06.2020 No se presta

Powered by Koha